Οι επιγραφές του Ορωπού
Saved in:
| Main Author: | |
|---|---|
| Format: | Book |
| Language: | Greek |
| Published: |
Αθήναι :
Αρχαιολογική Εταιρεία,
1997
|
| Series: | Βιβλιοθήκη της εν Αθήναις Αρχαιολογικής Εταιρείας ;
; 170 |
| Subjects: | |
| Tags: |
Add Tag
No Tags, Be the first to tag this record!
|
MARC
| LEADER | 00000nam a2200000 i 4500 | ||
|---|---|---|---|
| 001 | 1/46273 | ||
| 008 | 070615s1997 gre d | ||
| 020 | |a 960-7036-72-7 | ||
| 022 | |a 11057785 | ||
| 035 | |l 10088333 | ||
| 040 | |a GR-MY-UA |b gre |e aacr | ||
| 041 | 0 | |a gre | |
| 082 | 0 | |a 938.101 |2 (22) | |
| 100 | 1 | |a Πετράκος, Βασίλειος Χ. | |
| 245 | 1 | 3 | |a Οι επιγραφές του Ορωπού / |c εκδίδονται υπό Βασιλείου Χ. Πετράκου |
| 260 | |a Αθήναι : |b Αρχαιολογική Εταιρεία, |c 1997 | ||
| 300 | |a 647, 99 σ., [6] φύλλα με πίνακες ; |b εικ., χάρτες; |c 33 εκ. | ||
| 490 | 1 | |a Βιβλιοθήκη της εν Αθήναις Αρχαιολογικής Εταιρείας |v ; 170 | |
| 504 | |a Περιλαμβάνει βιβλιογραφία (σ. 641-647) και ευρετήριο | ||
| 650 | 0 | 0 | |a Inscriptions, Greek |z Oropos (Greece) |
| 650 | 0 | 0 | |a Excavations (Archaeology) |z Greece |z Oropos. |
| 651 | 0 | |a Oropos (Greece) |x Antiquities. | |
| 830 | 0 | |a Βιβλιοθήκη της εν Αθήναις Αρχαιολογικής Εταιρείας ; |v ; 170 | |
| 852 | |a INST |b LESVOS |e 20070615 |h 938.101 ΠΕΤ |p 005100038073 |q 005100038073 |t BK |y 0 | ||
| 901 | |a BIBL1-2007-2 | ||
| 909 | |a Λ |b 135082 | ||
| 922 | |a 1ΕΛΗ |b 200705 |c ΕΠΕΑΕΚ2/ΤΚΑ |d Σ. ΠΑΤΑΚΗΣ | ||
| 970 | |a ΚΑΡΑ |b ΓΙΑΣΕΜΗ |z 2007/06/15 | ||